[Event "Titled Tuesday intern op 21st Dec"]
[Site "Chess.com INT"]
[Date "2021.12.21"]
[Round "8"]
[White "Baldauf, Marco"]
[Black "Nasuta, Grzegorz"]
[Result "0-1"]
[WhiteElo "2522"]
[BlackElo "2521"]
[PlyCount "84"]
[EventDate "2021.12.21"]
[EventType "swiss (blitz)"]
[EventRounds "11"]
[EventCountry "USA"]
[SourceTitle "CBM 205 Extra"]
[Source "ChessBase"]
[SourceDate "2022.01.31"]
[SourceVersion "1"]
[SourceVersionDate "2022.01.31"]
[SourceQuality "1"]

1. d4 d5 2. c4 e6 3. Nc3 c6 4. e3 f5 5. Bd3 Nf6 6. Qc2 Bd6 7. cxd5 cxd5 8. Nb5 Bb4+ 9. Bd2 Nc6 10. Bxb4 Nxb4 11. Qc3 Nxd3+ 12. Qxd3 Qa5+ 13. Nc3 b6 14. Nge2 Ba6 15. Qd2 Bxe2 16. Qxe2 Ne4 17. Qb5+ Qxb5 18. Nxb5 Kd7 19. f3 Nd6 20. Nxd6 Kxd6 21. Kd2 Rac8 22. Rac1 g5 23. Rxc8 Rxc8 24. h4 g4 25. fxg4 fxg4 26. Rf1 Ke7 27. Kd3 h5 28. a4 a6 29. b3 Rc7 30. Kd2 Rc8 31. Kd3 b5 32. axb5 axb5 33. Ra1 b4 34. Kd2 Rc3 35. Ra7+ Kf6 36. Rh7 Rxb3 37. Rxh5 Rb2+ 38. Kd3 Rxg2 39. Rh6+ Kf5 40. Rh8 b3 41. h5 b2 42. Rb8 Kg5 0-1

[Event "Titled Tuesday intern op 21st Dec"]
[Site "Chess.com INT"]
[Date "2021.12.21"]
[Round "11"]
[White "Baldauf, Marco"]
[Black "Ovetchkin, Roman"]
[Result "0-1"]
[WhiteElo "2522"]
[BlackElo "2518"]
[PlyCount "86"]
[EventDate "2021.12.21"]
[EventType "swiss (blitz)"]
[EventRounds "11"]
[EventCountry "USA"]
[SourceTitle "CBM 205 Extra"]
[Source "ChessBase"]
[SourceDate "2022.01.31"]
[SourceVersion "1"]
[SourceVersionDate "2022.01.31"]
[SourceQuality "1"]

1. d4 Nf6 2. c4 c5 3. Nf3 cxd4 4. Nxd4 e5 5. Nb5 d5 6. cxd5 Bc5 7. N1c3 0-0 8. g3 a6 9. Na3 b5 10. Nc2 Ng4 11. Ne4 Bb6 12. h3 f5 13. hxg4 fxe4 14. Be3 Bxg4 15. Bxb6 Qxb6 16. Ne3 Bf5 17. Bg2 Bg6 18. Rc1 Nd7 19. Rc6 Qa5+ 20. Kf1 Nf6 21. Qb3 Rac8 22. a3 Rxc6 23. dxc6+ Bf7 24. Qc2 Rd8 25. Bxe4 Nxe4 26. Qxe4 Qd2 27. Qxh7+ Kf8 28. Qh8+ Bg8 29. Rh7 Qc1+ 30. Kg2 Qxc6+ 31. Kh2 Qg6 32. Rh4 Rd2 33. Rg4 Qf6 34. Re4 Qxf2+ 35. Ng2 Rxe2 36. Rxe2 Qxe2 37. Qh4 Qd2 38. Qe4 Bd5 39. Qf5+ Kg8 40. Qc8+ Kh7 41. Qf5+ Kh6 42. Qh3+ Kg6 43. Qh4 Qxg2# 0-1

[Event "Titled Tuesday intern op 21st Dec"]
[Site "Chess.com INT"]
[Date "2021.12.21"]
[Round "7"]
[White "Baldauf, Marco"]
[Black "Petrova, Irina"]
[Result "1-0"]
[WhiteElo "2522"]
[BlackElo "2141"]
[PlyCount "109"]
[EventDate "2021.12.21"]
[EventType "swiss (blitz)"]
[EventRounds "11"]
[EventCountry "USA"]
[SourceTitle "CBM 205 Extra"]
[Source "ChessBase"]
[SourceDate "2022.01.31"]
[SourceVersion "1"]
[SourceVersionDate "2022.01.31"]
[SourceQuality "1"]

1. d4 d6 2. Nf3 g6 3. g3 Bg7 4. Bg2 Nf6 5. 0-0 0-0 6. b3 Nc6 7. Bb2 Bf5 8. c4 Ne4 9. Nh4 Nf6 10. Nxf5 gxf5 11. Nc3 e6 12. e3 Rb8 13. Rc1 Ne7 14. b4 Ng6 15. a4 Qd7 16. b5 c6 17. Ba3 Rfe8 18. Qd3 h5 19. h4 d5 20. c5 Ne4 21. Ne2 a6 22. bxa6 bxa6 23. Rb1 Qc7 24. Bb4 a5 25. Bd2 Rxb1 26. Rxb1 Rb8 27. Rxb8+ Qxb8 28. Bxa5 Qa7 29. Be1 Qxa4 30. f3 Nf6 31. Kf2 Qa2 32. Qd2 Qa8 33. Bf1 Nd7 34. Qa5 Qxa5 35. Bxa5 Ne7 36. Nc3 f4 37. gxf4 Ng6 38. Na2 Nxh4 39. Nb4 Nf5 40. Nxc6 h4 41. Bh3 Kf8 42. Bd8 Ke8 43. Bxf5 exf5 44. Bxh4 Bf6 45. Bxf6 Nxf6 46. Ne5 Kd8 47. Nxf7+ Kc7 48. Nh6 Nd7 49. Nxf5 Nf6 50. Ke2 Kc6 51. Kd3 Nh5 52. Ne7+ Kd7 53. Nxd5 Ng3 54. e4 Nh5 55. f5 1-0